|
|
|
|
| LEADER |
01870nam a2200457 a 4500 |
| 001 |
nkc20081834821 |
| 003 |
CZ PrNK |
| 005 |
20090319120441.0 |
| 007 |
ta |
| 008 |
081209s2008 xr a e p 000 0 cze |
| 015 |
|
|
|a cnb001834821
|
| 020 |
|
|
|a 978-80-7414-042-6
|q (brož.)
|
| 035 |
|
|
|a (OCoLC)316678472
|
| 040 |
|
|
|a BOA001
|b cze
|
| 072 |
|
7 |
|a 628
|x Sanitární technika. Vodárenství. Odpadové hospodářství. Světelná technika
|2 Konspekt
|9 19
|
| 072 |
|
7 |
|a 37.016
|x Učební osnovy. Vyučovací předměty. Učebnice
|2 Konspekt
|9 22
|
| 080 |
|
|
|a 628.47
|2 MRF
|
| 080 |
|
|
|a 502.174
|2 MRF
|
| 080 |
|
|
|a (075.8)
|2 MRF
|
| 100 |
1 |
|
|a Richter, Miroslav,
|d 1948-
|7 jx20031223010
|4 aut
|
| 245 |
1 |
0 |
|a Technologie ochrany životního prostředí.
|n Část III,
|p Technologie zneškodňování odpadů /
|c Miroslav Richter
|
| 246 |
3 |
0 |
|a Technologie zneškodňování odpadů
|
| 250 |
|
|
|a Vyd. 1.
|
| 260 |
|
|
|a Ústí nad Labem :
|b Univerzita J.E. Purkyně v Ústí nad Labem, Fakulta životního prostředí,
|c 2008
|
| 300 |
|
|
|a 72 s. :
|b il. (převážně barev.) ;
|c 29 cm
|
| 490 |
1 |
|
|a Skripta
|
| 500 |
|
|
|a 150 výt.
|
| 504 |
|
|
|a Obsahuje bibliografii
|
| 650 |
0 |
7 |
|a likvidace odpadu
|7 ph166370
|2 czenas
|
| 650 |
0 |
7 |
|a environmentálně vhodné technologie
|7 ph135494
|2 czenas
|
| 650 |
0 |
9 |
|a waste disposal
|2 eczenas
|
| 650 |
0 |
9 |
|a green technology
|2 eczenas
|
| 655 |
|
7 |
|a učebnice vysokých škol
|7 fd133772
|2 czenas
|
| 655 |
|
9 |
|a textbooks (higher)
|2 eczenas
|
| 810 |
2 |
|
|a Univerzita J.E. Purkyně v Ústí nad Labem.
|t Skripta
|0 s
|
| 856 |
4 |
1 |
|u http://www.digitalniknihovna.cz/mzk/uuid/uuid:e1ce8760-0093-11e6-8fbe-005056827e52
|y Digitalizovaný dokument
|x NDK
|
| 910 |
2 |
|
|a BOA001
|b 3-1144.855,3
|
| 990 |
|
|
|a BK
|
| 995 |
|
|
|a 01
|
| 991 |
|
|
|b 200901
|c NOV
|
| 996 |
6 |
|
|b 2610362808
|c 3-1144.855,3
|l MZK
|r Sklad / do 1 hodiny
|n 4
|p p.v.
|w 000925308
|u 000010
|a 1
|e BOA001
|j MZK50
|s P
|